CSGO: Competitive Ranks - Statistics

General Stats
  • This quiz has been taken 7,534 times
  • The average score is 15 of 18
Answer Stats
Hint Answer % Correct
Rank Silver
99%
Rank Silver II
94%
Rank Silver III
94%
Rank Silver IV
93%
Rank Gold Nova
92%
Rank Global Elite
91%
Rank Silver Elite
89%
Rank Gold Nova II
88%
Rank Gold Nova III
87%
Rank Master Guardian
83%
Rank Silver Elite Master
83%
Rank Gold Nova Master
79%
Rank Legendary Eagle
79%
Rank Master Guardian II
78%
Rank Legendary Eagle Master
76%
Rank Master Guardian Elite
76%
Rank Distinguished Master Guardian
67%
Rank Supreme Master First Class
61%
No matching quizzes found
Score Distribution
Percent of People with Each Score
Percentile by Number Answered
Your Score History
You have not taken this quiz